| 000 | 00334nam a22001217a 4500 | ||
|---|---|---|---|
| 041 | _aENG | ||
| 100 | _aBhardwaj.S.P | ||
| 245 | _aStudy on Consumptive use Rates in Weighing Type Lysimeters for Irrigation | ||
| 260 |
_aDehara Dun _bCentral Soil & Water Conservation _c1983 |
||
| 300 | _a100 | ||
| 650 | _aIDE ( 05 ) | ||
| 856 | _uIDE ( 05 ) | ||
| 999 |
_c2771 _d2771 |
||